Kto napisał tę książkę? #3 - Statystyki

Ogólne statystyki
  • Ten quiz został rozwiązany 620 razy
  • Średni wynik to 8 z 12
Statystyki odpowiedzi
Tytuł książki Autor % Poprawnych
Pan Tadeusz Adam Mickiewicz
99%
Makbet William Szekspir
88%
Wesele Stanisław Wyspiański
83%
Nad Niemnem Eliza Orzeszkowa
77%
Przedwiośnie Stefan Żeromski
76%
Zbrodnia i kara Fiodor Dostojewski
75%
Skąpiec Molier
73%
Cierpienia młodego Wertera Johann Goethe
58%
Mistrz i Małgorzata Michał Bułhakow
49%
Sklepy cynamonowe Bruno Schulz
47%
Mendel Gdański Maria Konopnicka
43%
Noce i dnie Maria Dąbrowska
37%
Nie znaleziono quizów pasujących do podanych kryteriów
Rozkład punktacji
Procent ludzi z każdym wynikiem
Percentyl według liczby udzielonych odpowiedzi
Twoja historia wyników
Nie rozwiązałeś tego quizu